000 00635nam a2200229Ia 4500
003 OSt
005 20230607131257.0
008 210423s2012 xx 000 0 und d
020 _a9788132110248
040 _cAL
041 _aeng
082 _a050.02 BECS
100 _aBECKER (Lucinda);DENICOLO (Pam)
_9121421
245 _aSuccess in research publishing journal articles
260 _aNew Delhi
_bSage Publications
_c2012
300 _aviii,141
_bPB
365 _b295
_cINR
650 _aGeneral
_9121422
650 _aSerials
_9121423
906 _aarticles. ; journal ; publishing ; research ; Success
942 _2ddc
_cBK
999 _c176150
_d176150